TOEFL iBT : (Registro nro. 22134)

Detalles MARC
000 -Cabecera
Campo de control interno 00756nam a22002537a 4500
005 - Fecha y hora del registro
control field 20260331113536.0
008 - Elementos de Longitud Fija
fixed length control field 260325b |||||||| |||| 00| 0 spa d
020 ## - ISBN
ISBN 9798349700125
041 ## - Idioma
Codigo Idioma Inglés
082 ## - DEWEY y NOTACIÓN INTERNA
Dewey 421.071
Notación Interna K22
100 ## - AUTOR
Autor denominación ,
110 ## - AUTOR INSTTITUCIONAL
Autor Institucional Kaplan North America
245 ## - TÍTULO DE MATERIAL BIBLIOGRÁFICO
Título TOEFL iBT :
Título paralelo premium plus 2026
260 ## - CIUDAD, EDITORIAL, AÑO
Ciudad Fort Lauderdale :
Nombre de la Editorial Kaplan North America,
Año 2025
300 ## - DESCRIPCIÓN
N° Páginas 143 páginas :
Dimensiones 28 cm.
440 ## - MENCIÓN DE SERIE
Título de la Serie ;
650 ## - TEMAS
Temas Lenguas
653 ## - DESCRIPTORES
Lenguajes no controlado Inglés - Estudio y enseñanza; Toefl - Exámenes
654 ## - PROGRAMAS
Programa Todos los programas
700 ## - OTROS AUTORES
Otros autores ;
856 ## - URL - UBICACIÓN
URI/URL: Enlace exacto del recurso <a href="https://itmsp.museknowledge.com/UCSP?groupID=2&action=source&sourceID=JSTOR_org_IP">https://itmsp.museknowledge.com/UCSP?groupID=2&action=source&sourceID=JSTOR_org_IP</a>
Nota pública: Versión digital <a href="Véase además: Base de datos JSTOR">Véase además: Base de datos JSTOR</a>
942 ## - ELEMENTOS DE KOHA
Tipo de documento Libro
Nombre del creador Justo Noguera
Código de catalogador Tania Ramirez
Suppress in OPAC No
Esquema de clasificación Dewey Decimal Classification
Existencias
Codigo completo Registro Colección Copia número Disponibilidad Tipo de préstamo Biblioteca Actual Procedencia (Biblioteca) Ubicacón Fecha Ingreso Tipo de Adquisición Observación Date last seen Total checkouts Price effective from Tipo de Item Estado del Material Fuente de Clasificación Damaged status Withdrawn status
421.071 K22 1088224 Universidad Católica San Pablo 1 No disponible Restringido Víctor Andrés Belaunde Víctor Andrés Belaunde Idiomas - Salaverry 25/03/2026 Compra Centro de Idiomas 25/03/2026   25/03/2026 Libro Bueno Dewey Decimal Classification   Withdrawn